000 00600nam a22001937a 4500
003 CEME
005 20210628205411.0
008 210127b xxu||||| |||| 00| 0 eng d
020 _a0-07-239559-1
040 _c.
082 _a005.1 SCH
100 _aSchach, Stephen R
_955699
245 _aObject-oriented and classical software engineering
250 _a5TH
260 _aNEW YORK
_bMCGRAW HILL
_c2002
300 _aXIX,624P
650 _aSOFTWARE ENGINEERING, OBJECT ORIENTED PROGRAMMING (COMPUTER SCEINCE), UML (COMPUTER SCIENCE), C++ (COMPUTER PROGRAM LANGUAGE)
_975365
942 _cBK
_2ddc
999 _c580793
_d580793